Infrastructure 2011 (Record no. 112895)

MARC details
000 -LEADER
fixed length control field 01230cad a22002415a 4500
001 - CONTROL NUMBER
control field L154240
008 - FIXED-LENGTH DATA ELEMENTS--GENERAL INFORMATION
fixed length control field 111107s2011 xxk f 000 0 eng d
020 ## - INTERNATIONAL STANDARD BOOK NUMBER
International Standard Book Number 9780874201598
035 ## - SYSTEM CONTROL NUMBER
System control number (Sirsi) u154240
041 0# - LANGUAGE CODE
Language code of text/sound track or separate title eng
100 1# - MAIN ENTRY--PERSONAL NAME
Personal name Miller, Jonathan D.
245 00 - TITLE STATEMENT
Title Infrastructure 2011
Remainder of title a strategic priority
Medium [electronic resource]
260 ## - PUBLICATION, DISTRIBUTION, ETC.
Date of publication, distribution, etc. 2011
520 ## - SUMMARY, ETC.
Summary, etc. A report assessing infrastructure policy and initiatives across the world with a special focus on major US metropolitan markets, examining future trends, and recommending approaches for infrastructure investment strategies to help enable long-term regional growth and prosperity. The report is based on interviews with infrastructure experts, plus information gathered at infrastructure forums and up-to-date research.
590 ## - LOCAL NOTE (RLIN)
Local note KA NTK
651 #4 - SUBJECT ADDED ENTRY--GEOGRAPHIC NAME
Geographic name International
690 ## - LOCAL SUBJECT ADDED ENTRY--TOPICAL TERM (OCLC, RLIN)
Topical term or geographic name as entry element BUILT ENVIRONMENT-CONSTRUCTION MARKET
690 ## - LOCAL SUBJECT ADDED ENTRY--TOPICAL TERM (OCLC, RLIN)
Topical term or geographic name as entry element BUILT ENVIRONMENT-CONSTRUCTION MANAGEMENT
710 ## - ADDED ENTRY--CORPORATE NAME
Corporate name or jurisdiction name as entry element Urban Land Institute
9 (RLIN) 3094
710 1# - ADDED ENTRY--CORPORATE NAME
Corporate name or jurisdiction name as entry element Ernst & Young
9 (RLIN) 4001
856 40 - ELECTRONIC LOCATION AND ACCESS
Uniform Resource Identifier <a href="https://www.ey.com/Publication/vwLUAssets/Real_Estate_Infrastructure_2011/$FILE/Real%20Estate%20Infrastructure%202011.pdf">https://www.ey.com/Publication/vwLUAssets/Real_Estate_Infrastructure_2011/$FILE/Real%20Estate%20Infrastructure%202011.pdf</a>
Public note View the item free of charge at www.ey.com
942 ## - ADDED ENTRY ELEMENTS (KOHA)
Suppress in OPAC 0
Holdings
Withdrawn status Lost status Source of classification or shelving scheme Damaged status Not for loan Home library Current library Shelving location Date acquired Total Checkouts Full call number Barcode Date last seen Copy number Price effective from Koha item type
    Dewey Decimal Classification     Virtual Virtual Online 07/11/2011   ONLINE PUBLICATION 154240-2001 06/08/2019 1 06/08/2019 Book